KOHA-Header-6

Crises, Crises & Crises (Record no. 12039)

000 -LEADER
fixed length control field 00332nam a22001217a 4500
020 ## - INTERNATIONAL STANDARD BOOK NUMBER
ISBN 978-969-8373-03-0
082 ## - DEWEY DECIMAL CLASSIFICATION NUMBER
Classification number 370.95
100 ## - MAIN ENTRY--AUTHOR NAME
Personal name Iqbal S.Hussain
245 ## - TITLE STATEMENT
Title Crises, Crises & Crises
Remainder of title Pakistan from Dictatorship to Democracy
260 ## - PUBLICATION, DISTRIBUTION, ETC. (IMPRINT)
Place of publication Lahore
Name of publisher Humanity International Publishers
Year of publication 2007
300 ## - PHYSICAL DESCRIPTION
Number of Pages 366
942 ## - ADDED ENTRY ELEMENTS (KOHA)
Koha item type Books
Holdings
Withdrawn status Lost status Collection code Permanent Location Current Location Shelving location Date acquired Full call number Accession Number Koha item type
    English Literature MAJU MAJU Shelf No.A15 2022-11-22 370.95 10537 Books

Powered by Koha